000 00573nam a22002057a 4500
003 OSt
005 20140310182912.0
008 130128t xxu||||| |||| 00| 0 eng d
020 _a9789810578398
050 _aPE 1128
_b.P643 2008
082 _aM 420.76
_bP643 2008
245 _aA complete guide to GCE 'O' level English /
_cPilo, Thomas
260 _aSingapore :
_bFairfield Book Publishers,
_c2008.
300 _a227 p.
_c26 cm.
_bill. ;
521 _acollege students
526 _c1210L-1700L
541 _j1
562 _e1
942 _2lcc
_cBK
_kM
999 _c17236
_d17236